| 000 | 00595nam a2200145Ia 4500 | ||
|---|---|---|---|
| 008 | 100122s9999 xx 000 0 und d | ||
| 082 |
_b13293 _a659.1 |
||
| 100 | _aरानडे स अ | ||
| 245 | _aजाहिरात कशी करावी - जाहिरात शास्त्र | ||
| 260 |
_bस.अ.रानडे _c1965 |
||
| 300 | _a63 | ||
| 630 | _aजाहिरात कशी करावी - जाहिरात शास्त्र | ||
| 730 | _aजाहिरात कशी करावी - जाहिरात शास्त्र | ||
| 942 | _cBOOK | ||
| 999 |
_c404124 _d404121 |
||